00310nam a22001337a 4500003000400000008004100004020001800045100002100063245002800084250000800112260003600120300000800156650001200164OSt250529b |||||||| |||| 00| 0 eng d a9788195326495 aSATYANAND, Swami aShreemadyanand Prakash a1st aNew DelhibArya Prakashanc2023 a408 aGeneral